00683nam a2200193Ia 4500008004100000020001800041082001700059100001800076245008200094250000700176260007000183300002300253500001900276600001500295650001500310942000700325952014000332999001700472240925s9999 xx 000 0 und d a9789339205096 a658.4092 THO aThorn, Andrew 0aLeading with your Legacy in Mind: building lasting value in business and life aNA aNew Delhi:bMcGraw Hill Education (India) Private Limitedc,2014. a686p.b0fOriginal aIncludes Index aManagement aManagement cBK 001040708MANaUITUbUITUd2019-01-12eBook World Internationalg977.60l0o658.4092 THOpQ13438r2024-09-25 07:16:51w2024-09-25yBK c15937d15937